000 00444nam a2200169Ia 4500
008 230917s9999||||xx |||||||||||||| ||und||
020 _cRS995
040 _e226197
_aMAIN
041 _aEnglish
082 _a810.9 S98C
100 _aShukla, Rajesh
245 0 _aContemporary American literature
260 _aJaipur
_bRitu Publication
_c2015
300 _aV, 248 p.
500 _a2032 10/03/2015 C-7349 16/03/2015 Main Budget
942 _cBK
999 _c15157
_d15157